|
|
|
|
| LEADER |
02533nam a2200637 4500 |
| 001 |
ocn824697342 |
| 003 |
OCoLC |
| 005 |
20170124070202.3 |
| 006 |
m o d |
| 007 |
cr cnu|||unuuu |
| 008 |
130121s2013 iau ob 001 0 eng d |
| 040 |
|
|
|a N$T
|b eng
|e pn
|c N$T
|d DG1
|d E7B
|d NOC
|d OCLCO
|d OCLCF
|d UKDOC
|d OCLCQ
|d COO
|d OCLCQ
|d LOA
|d OCLCQ
|d GrThAP
|
| 019 |
|
|
|a 960202383
|a 961599170
|a 962702039
|
| 020 |
|
|
|a 9781118517994
|q (electronic bk.)
|
| 020 |
|
|
|a 1118517997
|q (electronic bk.)
|
| 020 |
|
|
|a 9781118518007
|q (electronic bk.)
|
| 020 |
|
|
|a 1118518004
|q (electronic bk.)
|
| 020 |
|
|
|z 9780813819891
|
| 020 |
|
|
|z 081381989X
|
| 029 |
1 |
|
|a AU@
|b 000050767560
|
| 029 |
1 |
|
|a CHNEW
|b 000599407
|
| 029 |
1 |
|
|a DEBBG
|b BV041829134
|
| 029 |
1 |
|
|a DKDLA
|b 820120-katalog:000732158
|
| 029 |
1 |
|
|a GBVCP
|b 790200147
|
| 029 |
1 |
|
|a NZ1
|b 15340443
|
| 035 |
|
|
|a (OCoLC)824697342
|z (OCoLC)960202383
|z (OCoLC)961599170
|z (OCoLC)962702039
|
| 050 |
|
4 |
|a S494.5.W3
|b I47 2013eb
|
| 072 |
|
7 |
|a TEC
|x 003080
|2 bisacsh
|
| 072 |
|
7 |
|a TEC
|x 003070
|2 bisacsh
|
| 082 |
0 |
4 |
|a 631.5/82
|2 23
|
| 049 |
|
|
|a MAIN
|
| 245 |
0 |
0 |
|a Improving water and nutrient use efficiency in food production systems /
|c editor, Zed Rengel.
|
| 264 |
|
1 |
|a Ames, Iowa, USA :
|b John Wiley & Sons, Inc.,
|c 2013.
|
| 300 |
|
|
|a 1 online resource
|
| 336 |
|
|
|a text
|b txt
|2 rdacontent
|
| 337 |
|
|
|a computer
|b c
|2 rdamedia
|
| 338 |
|
|
|a online resource
|b cr
|2 rdacarrier
|
| 504 |
|
|
|a Includes bibliographical references and index.
|
| 588 |
0 |
|
|a Print version record.
|
| 650 |
|
0 |
|a Crops
|x Water requirements.
|
| 650 |
|
0 |
|a Crops
|x Nutrition.
|
| 650 |
|
0 |
|a Water conservation.
|
| 650 |
|
0 |
|a Fertilizers.
|
| 650 |
|
0 |
|a Plant nutrients.
|
| 650 |
|
7 |
|a TECHNOLOGY & ENGINEERING
|x Agriculture
|x Agronomy
|x General.
|2 bisacsh
|
| 650 |
|
7 |
|a TECHNOLOGY & ENGINEERING
|x Agriculture
|x Sustainable Agriculture.
|2 bisacsh
|
| 650 |
|
7 |
|a Crops
|x Nutrition.
|2 fast
|0 (OCoLC)fst00884037
|
| 650 |
|
7 |
|a Crops
|x Water requirements.
|2 fast
|0 (OCoLC)fst00884066
|
| 650 |
|
7 |
|a Fertilizers.
|2 fast
|0 (OCoLC)fst00923266
|
| 650 |
|
7 |
|a Plant nutrients.
|2 fast
|0 (OCoLC)fst01065588
|
| 650 |
|
7 |
|a Water conservation.
|2 fast
|0 (OCoLC)fst01171608
|
| 655 |
|
4 |
|a Electronic books.
|
| 700 |
1 |
|
|a Rengel, Zdenko.
|
| 776 |
0 |
8 |
|i Print version:
|t Improving water and nutrient use efficiency in food production systems.
|d Ames, Iowa, USA : John Wiley & Sons, Inc., 2013
|z 9780813819891
|w (DLC) 2012038415
|w (OCoLC)812249650
|
| 856 |
4 |
0 |
|u https://doi.org/10.1002/9781118517994
|z Full Text via HEAL-Link
|
| 994 |
|
|
|a 92
|b DG1
|